000 00898nam a22002771i 4500
001 20948
003 CZ PrNK
005 20260207112029.0
007 ta
008 040217s1943 xo 000 | slo
020 _q(Brožováno)
040 _aABA001
_bcze
_cABA001
_dABA001
_erda
100 1 _aRázusová-Martáková, Mária,
_d1905-1964
_4aut
245 1 0 _aJánošík :
_bveršovaná dráma v piati dejstvách /
_cMária Rázusová-Martáková
250 _aDruhé vydanie
264 1 _aV Turčianskom Sv. Martine :
_bMatica slovenská,
_c1943
300 _a180 stran ;
_c20 cm
336 _atext
_btxt
_2rdacontent
337 _abez média
_bn
_2rdamedia
338 _asvazek
_bnc
_2rdacarrier
490 1 _aKnižnica Slovenských pohľadov ;
_vsväzok 77
500 _aObálka od Emila Makovického
830 0 _aKnižnica Slovenských pohľadov
910 _aABA001
942 _2ddc
_cKLDO
_n0
999 _c20948
_d20948